=LDR 00000nam 2200000 4500 =001 INLIS000000000050218 =005 20170425014736 =035 ##$$a 0010-0417000033 =007 ta =008 170425###########################0###### =020 ##$$a 978 - 979 -1493 - 18 - 5 =082 ##$$a 579.9 =084 ##$$a 579.9 AGU p =100 #$$a Agus =245 1#$$a Penangkaran Penyu /$c Agus =250 ##$$a Cet.1 =260 ##$$a Bandung :$b Titian Ilmu,$c 2007 =300 ##$$a vi, 68 hlm. : $b Ilus ; $c 21 cm. =650 ##$$a Penyu =990 ##$$a 73177317 =990 ##$$a 73177317 =990 ##$$a 31700987 =990 ##$$a 02201707317 =990 ##$$a 31700988 =990 ##$$a 31700987